<?xml version="1.0" encoding="UTF-8"?>
<collection xmlns="http://www.loc.gov/MARC21/slim">
 <record>
  <leader>07620cam a2201009   4500</leader>
  <controlfield tag="001">825755751</controlfield>
  <controlfield tag="003">DE-627</controlfield>
  <controlfield tag="005">20240927204134.0</controlfield>
  <controlfield tag="007">tu</controlfield>
  <controlfield tag="008">150520s2016    gw |||||      00| ||ger c</controlfield>
  <datafield tag="015" ind1=" " ind2=" ">
   <subfield code="a">15,N21</subfield>
   <subfield code="2">dnb</subfield>
  </datafield>
  <datafield tag="016" ind1="7" ind2=" ">
   <subfield code="a">1070835137</subfield>
   <subfield code="2">DE-101</subfield>
  </datafield>
  <datafield tag="020" ind1=" " ind2=" ">
   <subfield code="a">3412501697</subfield>
   <subfield code="c"> : Kart. : ca. EUR 44.90 (DE)</subfield>
   <subfield code="9">3-412-50169-7</subfield>
  </datafield>
  <datafield tag="020" ind1=" " ind2=" ">
   <subfield code="a">9783412501693</subfield>
   <subfield code="c">Kart. : ca. EUR 44.90 (DE), ca. EUR 46.20 (AT), ca. sfr 59.90 (freier Pr.)</subfield>
   <subfield code="9">978-3-412-50169-3</subfield>
  </datafield>
  <datafield tag="024" ind1="3" ind2=" ">
   <subfield code="a">9783412501693</subfield>
  </datafield>
  <datafield tag="035" ind1=" " ind2=" ">
   <subfield code="a">(DE-627)825755751</subfield>
  </datafield>
  <datafield tag="035" ind1=" " ind2=" ">
   <subfield code="a">(DE-576)470573937</subfield>
  </datafield>
  <datafield tag="035" ind1=" " ind2=" ">
   <subfield code="a">(DE-599)DNB1070835137</subfield>
  </datafield>
  <datafield tag="035" ind1=" " ind2=" ">
   <subfield code="a">(OCoLC)909793380</subfield>
  </datafield>
  <datafield tag="035" ind1=" " ind2=" ">
   <subfield code="a">(OCoLC)953270723</subfield>
  </datafield>
  <datafield tag="040" ind1=" " ind2=" ">
   <subfield code="a">DE-627</subfield>
   <subfield code="b">ger</subfield>
   <subfield code="c">DE-627</subfield>
   <subfield code="e">rda</subfield>
  </datafield>
  <datafield tag="041" ind1=" " ind2=" ">
   <subfield code="a">ger</subfield>
   <subfield code="a">eng</subfield>
   <subfield code="a">fre</subfield>
  </datafield>
  <datafield tag="044" ind1=" " ind2=" ">
   <subfield code="c">XA-DE-NW</subfield>
  </datafield>
  <datafield tag="050" ind1=" " ind2="0">
   <subfield code="a">NB456</subfield>
  </datafield>
  <datafield tag="082" ind1="0" ind2=" ">
   <subfield code="a">730</subfield>
  </datafield>
  <datafield tag="082" ind1="0" ind2="4">
   <subfield code="a">730</subfield>
   <subfield code="a">370</subfield>
   <subfield code="q">DE-101</subfield>
  </datafield>
  <datafield tag="082" ind1="0" ind2="4">
   <subfield code="a">700</subfield>
  </datafield>
  <datafield tag="084" ind1=" " ind2=" ">
   <subfield code="a">9,10</subfield>
   <subfield code="2">ssgn</subfield>
  </datafield>
  <datafield tag="084" ind1=" " ind2=" ">
   <subfield code="a">LH 61300</subfield>
   <subfield code="q">BVB</subfield>
   <subfield code="2">rvk</subfield>
   <subfield code="0">(DE-625)rvk/94225:</subfield>
  </datafield>
  <datafield tag="084" ind1=" " ind2=" ">
   <subfield code="a">20.04</subfield>
   <subfield code="2">bkl</subfield>
  </datafield>
  <datafield tag="245" ind1="1" ind2="0">
   <subfield code="a">Morceaux</subfield>
   <subfield code="b">die bildhauerischen Aufnahmestücke europäischer Kunstakademien im 18. und 19. Jahrhundert</subfield>
   <subfield code="c">Tomas Macsotay/Johannes Myssok (Hg.)</subfield>
  </datafield>
  <datafield tag="246" ind1="3" ind2="3">
   <subfield code="a">Morceau de réception, Dono and Diploma Piece: Histories of a Self-reflective Centre of Sculpture</subfield>
  </datafield>
  <datafield tag="264" ind1=" " ind2="1">
   <subfield code="a">Köln</subfield>
   <subfield code="a">Weimar</subfield>
   <subfield code="a">Wien</subfield>
   <subfield code="b">Böhlau Köln</subfield>
   <subfield code="c">[2016]</subfield>
  </datafield>
  <datafield tag="300" ind1=" " ind2=" ">
   <subfield code="a">228 Seiten</subfield>
   <subfield code="b">Illustrationen</subfield>
   <subfield code="c">24 x 17 cm</subfield>
  </datafield>
  <datafield tag="336" ind1=" " ind2=" ">
   <subfield code="a">Text</subfield>
   <subfield code="b">txt</subfield>
   <subfield code="2">rdacontent</subfield>
  </datafield>
  <datafield tag="337" ind1=" " ind2=" ">
   <subfield code="a">ohne Hilfsmittel zu benutzen</subfield>
   <subfield code="b">n</subfield>
   <subfield code="2">rdamedia</subfield>
  </datafield>
  <datafield tag="338" ind1=" " ind2=" ">
   <subfield code="a">Band</subfield>
   <subfield code="b">nc</subfield>
   <subfield code="2">rdacarrier</subfield>
  </datafield>
  <datafield tag="490" ind1="1" ind2=" ">
   <subfield code="a">Studien zur Kunst</subfield>
   <subfield code="v">36</subfield>
  </datafield>
  <datafield tag="500" ind1=" " ind2=" ">
   <subfield code="a">Aus dem Vorwort: &quot;Ausgangspunkt ... war der Kongress &quot; Morceau de réception, Dono and Diploma Piece: Histories of a Self-reflective Centre of Sculpture&quot;, der am 18. Dezember 2012 and der Kunstakademie Düsseldorf stattfand. Im Anschluss ... konnten die ... Herausgeber dieses Bandes weitere Autoren zur Erweiterung und Ergänzung des Bildes gewinnen ...&quot;</subfield>
  </datafield>
  <datafield tag="505" ind1="8" ind2="0">
   <subfield code="t">Vorwort</subfield>
   <subfield code="r">Tomas Macsotay und johannes Myssok</subfield>
  </datafield>
  <datafield tag="505" ind1="8" ind2="0">
   <subfield code="t">Die Ausbildung des Bildhauers und sein Probestück: eine Vorgeschichte</subfield>
   <subfield code="r">Johannes Myssok</subfield>
  </datafield>
  <datafield tag="505" ind1="8" ind2="0">
   <subfield code="t">Die bildhauerischen Aufnahmestücke europäischer Kunstkademien vom 17. bis zum Ende des 19. Jahrhunderts</subfield>
   <subfield code="r">Tomas Mascotay und Johannes Myssok</subfield>
  </datafield>
  <datafield tag="505" ind1="8" ind2="0">
   <subfield code="t">Paris ; The Freestanding Morceau de Réception and the Community of Judges</subfield>
   <subfield code="r">Tomas Macsotay</subfield>
  </datafield>
  <datafield tag="505" ind1="8" ind2="0">
   <subfield code="t">Vom bas-relief zum ronde-bosse. Narration und Zeitlichkeit bei den Bildhaueraufnahmestücken der königlichen Akademie in Paris</subfield>
   <subfield code="r">Ursula Ströbele</subfield>
  </datafield>
  <datafield tag="505" ind1="8" ind2="0">
   <subfield code="t">Affektdarstellung und Naturnachahmung in Falconets Milon von Kroton</subfield>
   <subfield code="r">Kristina Dolata</subfield>
  </datafield>
  <datafield tag="505" ind1="8" ind2="0">
   <subfield code="t">Antwerpen, Rom, Madrid ; From guild to academy. Antwerp sculptors' attempt at changing the image of their profession in the 17th and 18th centuries</subfield>
   <subfield code="r">Léon Lock</subfield>
  </datafield>
  <datafield tag="505" ind1="8" ind2="0">
   <subfield code="t">History of an absence: the morceaux de réception submitted by sculptors at the Accademia di San Luca</subfield>
   <subfield code="r">Serenella Rolfi Ožald</subfield>
  </datafield>
  <datafield tag="505" ind1="8" ind2="0">
   <subfield code="t">Sculpture and taste during the Eighteenth Century at San Fernando Royal Academy</subfield>
   <subfield code="r">Mercedes González Amezúa</subfield>
  </datafield>
  <datafield tag="505" ind1="8" ind2="0">
   <subfield code="t">London ; Breaking out of the Mould? The Beginnings of the Royal Academy in London: Diploma Sculptures of the Late Eighteenth and Early Nineteenth Centuries</subfield>
   <subfield code="r">Marjorie Trusted</subfield>
  </datafield>
  <datafield tag="505" ind1="8" ind2="0">
   <subfield code="t">Das Nachleben der Morceaux de Réception ; Thomas Banks's Falling Titan (1786) and the Genesis of Sculptural Modernity in Commercial Britain</subfield>
   <subfield code="r">Martin Myrone</subfield>
  </datafield>
  <datafield tag="505" ind1="8" ind2="0">
   <subfield code="t">Morceaux de réception au XIXe  siècle: avatars et métamorphoses d'une notion</subfield>
   <subfield code="r">Aline Magnien.</subfield>
  </datafield>
  <datafield tag="520" ind1=" " ind2=" ">
   <subfield code="a">Im Zuge der Etablierung europäischer Kunstakademien bildeten sich Aufnahmezeremonien aus, die von den zukünftigen Mitgliedern ein Probestück zum Beweis ihrer Fähigkeiten forderten. Erstmalig wird in diesem Band ein vergleichender Blick auf die Aufnahmeprozeduren der wichtigsten europäischen Akademien und auf diese faszinierenden, zumeist kleinformatigen Werke geworfen, die eine eigene Gattung der Bildhauerei darstellen. An keinen konkreten Verwendungszweck gebunden und unbeeinflusst durch Auftraggeberwünsche, ermöglichten sie ihren Schöpfern nicht nur eine selbstbewusste Zurschaustellung ihrer Fähigkeiten, sondern luden auch zur Gattungsreflektion ein. Die virtuosen Schaustücke führen damit vor Augen, was die Bildhauer der Zeit als Aufgaben und Ziele ihrer Kunst ansahen</subfield>
  </datafield>
  <datafield tag="546" ind1=" " ind2=" ">
   <subfield code="a">Beiträge teilweise deutsch, teilweise englisch</subfield>
  </datafield>
  <datafield tag="583" ind1="1" ind2=" ">
   <subfield code="a">Archivierung/Langzeitarchivierung gewährleistet</subfield>
   <subfield code="f">SSG</subfield>
   <subfield code="x">XA-DE-BW</subfield>
   <subfield code="2">pdager</subfield>
   <subfield code="5">DE-16</subfield>
  </datafield>
  <datafield tag="650" ind1=" " ind2="0">
   <subfield code="a">Sculpture, European</subfield>
   <subfield code="y">18th century</subfield>
  </datafield>
  <datafield tag="650" ind1=" " ind2="0">
   <subfield code="a">Sculpture, European</subfield>
   <subfield code="y">19th century</subfield>
  </datafield>
  <datafield tag="655" ind1=" " ind2="7">
   <subfield code="a">Konferenzschrift</subfield>
   <subfield code="y">2012</subfield>
   <subfield code="z">Düsseldorf</subfield>
   <subfield code="0">(DE-588)1071861417</subfield>
   <subfield code="0">(DE-627)826484824</subfield>
   <subfield code="0">(DE-576)433375485</subfield>
   <subfield code="2">gnd-content</subfield>
  </datafield>
  <datafield tag="689" ind1="0" ind2="0">
   <subfield code="d">s</subfield>
   <subfield code="0">(DE-588)4139550-5</subfield>
   <subfield code="0">(DE-627)105634557</subfield>
   <subfield code="0">(DE-576)209695307</subfield>
   <subfield code="a">Bildhauer</subfield>
   <subfield code="2">gnd</subfield>
  </datafield>
  <datafield tag="689" ind1="0" ind2="1">
   <subfield code="d">s</subfield>
   <subfield code="0">(DE-588)4235143-1</subfield>
   <subfield code="0">(DE-627)700135863</subfield>
   <subfield code="0">(DE-576)210386274</subfield>
   <subfield code="a">Akademiestück</subfield>
   <subfield code="2">gnd</subfield>
  </datafield>
  <datafield tag="689" ind1="0" ind2="2">
   <subfield code="a">z</subfield>
   <subfield code="2">gnd</subfield>
   <subfield code="a">Geschichte 1700-1900</subfield>
  </datafield>
  <datafield tag="689" ind1="0" ind2=" ">
   <subfield code="5">DE-101</subfield>
  </datafield>
  <datafield tag="689" ind1="1" ind2="0">
   <subfield code="d">s</subfield>
   <subfield code="0">(DE-588)4046277-8</subfield>
   <subfield code="0">(DE-627)106198602</subfield>
   <subfield code="0">(DE-576)209068817</subfield>
   <subfield code="a">Plastik</subfield>
   <subfield code="2">gnd</subfield>
  </datafield>
  <datafield tag="689" ind1="1" ind2="1">
   <subfield code="d">s</subfield>
   <subfield code="0">(DE-588)4235143-1</subfield>
   <subfield code="0">(DE-627)700135863</subfield>
   <subfield code="0">(DE-576)210386274</subfield>
   <subfield code="a">Akademiestück</subfield>
   <subfield code="2">gnd</subfield>
  </datafield>
  <datafield tag="689" ind1="1" ind2="2">
   <subfield code="a">z</subfield>
   <subfield code="2">gnd</subfield>
   <subfield code="a">Geschichte 1700-1900</subfield>
  </datafield>
  <datafield tag="689" ind1="1" ind2=" ">
   <subfield code="5">DE-101</subfield>
  </datafield>
  <datafield tag="700" ind1="1" ind2=" ">
   <subfield code="a">Macsotay Bunt, Tomas</subfield>
   <subfield code="e">HerausgeberIn</subfield>
   <subfield code="0">(DE-588)142729760</subfield>
   <subfield code="0">(DE-627)704297485</subfield>
   <subfield code="0">(DE-576)333064445</subfield>
   <subfield code="4">edt</subfield>
  </datafield>
  <datafield tag="700" ind1="1" ind2=" ">
   <subfield code="a">Myssok, Johannes</subfield>
   <subfield code="d">1966-</subfield>
   <subfield code="e">HerausgeberIn</subfield>
   <subfield code="0">(DE-588)121615316</subfield>
   <subfield code="0">(DE-627)515621978</subfield>
   <subfield code="0">(DE-576)182072185</subfield>
   <subfield code="4">edt</subfield>
  </datafield>
  <datafield tag="710" ind1="2" ind2=" ">
   <subfield code="a">Böhlau-Verlag</subfield>
   <subfield code="0">(DE-588)2005806-8</subfield>
   <subfield code="0">(DE-627)101534051</subfield>
   <subfield code="0">(DE-576)191613037</subfield>
   <subfield code="4">oth</subfield>
  </datafield>
  <datafield tag="710" ind1="2" ind2=" ">
   <subfield code="a">Kunstakademie Düsseldorf</subfield>
   <subfield code="e">Gastgebende Institution</subfield>
   <subfield code="0">(DE-588)2121796-8</subfield>
   <subfield code="0">(DE-627)101696485</subfield>
   <subfield code="0">(DE-576)194046435</subfield>
   <subfield code="4">his</subfield>
  </datafield>
  <datafield tag="776" ind1="0" ind2="8">
   <subfield code="i">Erscheint auch als</subfield>
   <subfield code="n">Online-Ausgabe</subfield>
   <subfield code="t">Morceaux</subfield>
   <subfield code="d">Köln : Böhlau Verlag, 2016</subfield>
   <subfield code="h">1 Online-Ressource (228 Seiten)</subfield>
   <subfield code="w">(DE-627)1659136954</subfield>
   <subfield code="w">(DE-576)478631723</subfield>
   <subfield code="z">9783412502409</subfield>
  </datafield>
  <datafield tag="787" ind1="0" ind2="8">
   <subfield code="i">Rezensiert in</subfield>
   <subfield code="a">Kloss-Weber, Julia</subfield>
   <subfield code="t">[Rezension von: Tomas Macsotay / Johannes Myssok (Hrsg.), MORCEAUX. Die bildhauerischen Aufnahmestücke europäischer Kunstakademien im 18. und 19. Jahrhundert]</subfield>
   <subfield code="d">2017</subfield>
   <subfield code="w">(DE-627)1789257395</subfield>
  </datafield>
  <datafield tag="830" ind1=" " ind2="0">
   <subfield code="a">Studien zur Kunst</subfield>
   <subfield code="v">36</subfield>
   <subfield code="9">36</subfield>
   <subfield code="w">(DE-627)521618118</subfield>
   <subfield code="w">(DE-576)254583326</subfield>
   <subfield code="w">(DE-600)2264734-X</subfield>
   <subfield code="x">2748-4483</subfield>
   <subfield code="7">ns</subfield>
  </datafield>
  <datafield tag="856" ind1="4" ind2="2">
   <subfield code="u">http://deposit.dnb.de/cgi-bin/dokserv?id=5248189&amp;prov=M&amp;dok_var=1&amp;dok_ext=htm</subfield>
   <subfield code="m">X: MVB</subfield>
   <subfield code="q">text/html</subfield>
   <subfield code="v">2015-05-20</subfield>
   <subfield code="x">Verlag</subfield>
   <subfield code="3">Inhaltstext</subfield>
  </datafield>
  <datafield tag="856" ind1="4" ind2="2">
   <subfield code="u">http://d-nb.info/1070835137/04</subfield>
   <subfield code="m">B:DE-101</subfield>
   <subfield code="q">pdf/application</subfield>
   <subfield code="v">20161119003401</subfield>
   <subfield code="x">Verlag</subfield>
   <subfield code="3">Inhaltsverzeichnis</subfield>
  </datafield>
  <datafield tag="856" ind1="4" ind2="2">
   <subfield code="u">https://swbplus.bsz-bw.de/bsz470573937rez.htm</subfield>
   <subfield code="m">B:DE-576;DE-16</subfield>
   <subfield code="q">application/pdf</subfield>
   <subfield code="v">20171005155407</subfield>
   <subfield code="x">Verlag</subfield>
   <subfield code="3">Rezension</subfield>
  </datafield>
  <datafield tag="856" ind1="4" ind2="2">
   <subfield code="u">http://www.sehepunkte.de/2017/07/29585.html</subfield>
   <subfield code="m">V:DE-576;X:Sehepunkte</subfield>
   <subfield code="q">text/html</subfield>
   <subfield code="v">20180419154205</subfield>
   <subfield code="3">Rezension</subfield>
  </datafield>
  <datafield tag="936" ind1="r" ind2="v">
   <subfield code="a">LH 61300</subfield>
   <subfield code="b">Ausbildung zum Künstler (Theorie und Geschichte. Kunstakademien und Kunstgewerbeschulen. Lehrpläne, Studiengang etc. Abbildungswerke von Schülerarbeiten)</subfield>
   <subfield code="k">Kunstgeschichte</subfield>
   <subfield code="k">Allgemeines. Allgemeine Kunstgeschichte</subfield>
   <subfield code="k">Theorie und Praxis der Bildenden Kunst</subfield>
   <subfield code="k">Praxis der Bildenden Kunst</subfield>
   <subfield code="k">Ausbildung zum Künstler (Theorie und Geschichte. Kunstakademien und Kunstgewerbeschulen. Lehrpläne, Studiengang etc. Abbildungswerke von Schülerarbeiten)</subfield>
   <subfield code="0">(DE-627)1270658492</subfield>
   <subfield code="0">(DE-625)rvk/94225:</subfield>
   <subfield code="0">(DE-576)200658492</subfield>
  </datafield>
  <datafield tag="936" ind1="b" ind2="k">
   <subfield code="a">20.04</subfield>
   <subfield code="j">Ausbildung</subfield>
   <subfield code="j">Beruf</subfield>
   <subfield code="j">Organisationen</subfield>
   <subfield code="x">Kunstwissenschaften</subfield>
   <subfield code="0">(DE-627)106406299</subfield>
  </datafield>
  <datafield tag="951" ind1=" " ind2=" ">
   <subfield code="a">BO</subfield>
  </datafield>
  <datafield tag="990" ind1=" " ind2=" ">
   <subfield code="a">Bildhauer</subfield>
  </datafield>
  <datafield tag="990" ind1=" " ind2=" ">
   <subfield code="a">Akademiestück</subfield>
  </datafield>
  <datafield tag="990" ind1=" " ind2=" ">
   <subfield code="a">Geschichte 1700-1900</subfield>
  </datafield>
  <datafield tag="990" ind1=" " ind2=" ">
   <subfield code="a">Plastik</subfield>
  </datafield>
  <datafield tag="990" ind1=" " ind2=" ">
   <subfield code="a">Akademiestück</subfield>
  </datafield>
  <datafield tag="990" ind1=" " ind2=" ">
   <subfield code="a">Geschichte 1700-1900</subfield>
  </datafield>
  <datafield tag="991" ind1=" " ind2=" ">
   <subfield code="a">Rezensiertes Werk</subfield>
  </datafield>
  <datafield tag="999" ind1=" " ind2=" ">
   <subfield code="a">KXP-PPN825755751</subfield>
   <subfield code="e">4155079607</subfield>
  </datafield>
 </record>
</collection>
